<?xml version="1.0" encoding="UTF-8"?>
<marc:record xmlns:marc="http://www.loc.gov/MARC21/slim">
   <marc:leader>00000nam a2200000 a 4500</marc:leader>
   <marc:datafield ind1="1" ind2=" " tag="100">
      <marc:subfield code="a">Harkup, Kathryn</marc:subfield>
      <marc:subfield code="4">aut</marc:subfield>
      <marc:subfield code="e">Verfasser/-in</marc:subfield>
   </marc:datafield>
   <marc:datafield ind1=" " ind2=" " tag="653">
      <marc:subfield code="a">Chemie</marc:subfield>
   </marc:datafield>
   <marc:datafield ind1=" " ind2=" " tag="653">
      <marc:subfield code="a">Periodensystem</marc:subfield>
   </marc:datafield>
   <marc:datafield ind1="0" ind2="0" tag="245">
      <marc:subfield code="a">Das geheime Leben der Elemente</marc:subfield>
   </marc:datafield>
   <marc:datafield ind1="0" ind2="0" tag="245">
      <marc:subfield code="c">Kathryn Harkup</marc:subfield>
   </marc:datafield>
   <marc:datafield ind1=" " ind2="1" tag="264">
      <marc:subfield code="a">Berlin</marc:subfield>
      <marc:subfield code="b">Laurence King Verlag</marc:subfield>
      <marc:subfield code="c">2022</marc:subfield>
   </marc:datafield>
   <marc:datafield ind1="1" ind2=" " tag="520">
      <marc:subfield code="a">Quelle: bn.bibliotheksnachrichten (http://www.biblio.at/literatur/bn/index.html); #Autor: Aloisia Altmanninger; #Über die kleinsten Bausteine unserer Welt. Naturwissenschaftliches jenseits der Langeweile. (NC)#Im Periodensystem werden die Elemente nach der Anzahl ihrer Elektronen und nach charakterlicher Ähnlichkeit geordnet, die Zeilen und Spalten geben bereits Hinweise, wer mit wem gut kann, welche sich schlecht vertragen oder voneinander lieber ferngehalten werden sollten. Wie in einer weitverzweigten Familie, meint die Autorin, eine begeisterte Chemikerin und begnadete Geschichtenerzählerin. Sie wählt 52 Elemente aus und beschreibt sie unnachahmlich witzig und lehrreich. Jedes Element erhält einen treffenden Beinamen: Chlor, die gespaltene Persönlichkeit, Technetium, das Monster, Cobalt, das Schlitzohr, und Kupfer, der Blaublütige. Über jede dieser »Persönlichkeiten« weiß sie Grundlegendes, Interessantes, aber auch Kurioses zu berichten. Eine Zeitleiste der Entdeckungen ergänzt das überaus lehrreiche und vergnüglich zu lesende Buch, das tatsächlich so manches Geheimnis enthüllt. Allen Bibliotheken wärmstens empfohlen.</marc:subfield>
   </marc:datafield>
   <marc:datafield ind1=" " ind2=" " tag="020">
      <marc:subfield code="a">9783962443108</marc:subfield>
      <marc:subfield code="9">9783962443108</marc:subfield>
   </marc:datafield>
   <marc:datafield ind1=" " ind2=" " tag="041">
      <marc:subfield code="a">ger</marc:subfield>
   </marc:datafield>
   <marc:datafield ind1=" " ind2=" " tag="300">
      <marc:subfield code="a">224 Seiten</marc:subfield>
   </marc:datafield>
</marc:record>
